00456 2200169 4500001002100000008004100021035002000062245007700082100001900159250000600178260004200184300001200226084001400238082000800252650001400260990001200274INLIS000000000000608 ind  a0010-0424000584 aSoal & Pembahasan OSN Bidang Matematika Tahun 2002 - 2011cEddy Hermanto aHermanto, Eddy a1 aJakarta :bBina Prestasi Insanic2012 a113 hlm a510 EDD s a510 aNon Fiksi a0722410